[Event "4NCL"]
[Site "De Vere, Staverton Park, ENG"]
[Date "2011.03.26"]
[Round "7.51"]
[White "Granat, Russell G"]
[Black "Quillan, Gary"]
[Result "0-1"]
[WhiteElo "2243"]
[BlackElo "2383"]
[PlyCount "83"]
[EventDate "2011.??.??"]
[WhiteTeam "Guildford A&DC 2"]
[BlackTeam "3Cs 1"]

1. e4 e6 2. d4 d5 3. exd5 exd5 4. c4 Nf6 5. Nc3 Bb4 6. Nf3 O-O 7. Be2 dxc4 8.
O-O Be6 9. Ne5 Nc6 10. Nxc6 bxc6 11. Bg5 Rb8 12. Rc1 h6 13. Bh4 Be7 14. Na4 Nd5
15. Bxe7 Qxe7 16. Bxc4 Rfd8 17. b3 Nf4 18. Re1 Qg5 19. Qf3 Rxd4 20. Bxe6 Nxe6
21. Qxc6 Rbd8 22. h3 R4d5 23. Rc3 Rd1 24. Rc1 R1d5 25. Rc3 Qd2 26. Rce3 Rf5 27.
R1e2 Qd1+ 28. Re1 Qd2 29. R1e2 Qd4 30. Qe4 Qa1+ 31. Kh2 Qf6 32. f3 Nf4 33. Rc2
Ne6 34. Nb2 Rd4 35. Qa8+ Kh7 36. Nc4 Rfd5 37. g3 Rd1 38. Rec3 Ng5 39. Kg2 Ne6
40. Qxa7 c5 41. a3 Nf4+ 42. Kf2 0-1

[Event "4NCL"]
[Site "De Vere, Staverton Park, ENG"]
[Date "2011.03.26"]
[Round "7.52"]
[White "Ashton, Adam G"]
[Black "Osborne, Marcus E"]
[Result "1/2-1/2"]
[WhiteElo "2344"]
[BlackElo "2231"]
[PlyCount "94"]
[EventDate "2011.??.??"]
[WhiteTeam "3Cs 1"]
[BlackTeam "Guildford A&DC 2"]

1. e4 e6 2. d4 d5 3. Nc3 Bb4 4. e5 c5 5. a3 Bxc3+ 6. bxc3 Qa5 7. Bd2 Qa4 8. Qg4
Kf8 9. Qd1 Nc6 10. Nf3 Nge7 11. Bd3 c4 12. Be2 Bd7 13. O-O Ke8 14. Ne1 Kd8 15.
g3 Kc7 16. Ng2 Raf8 17. Bg4 Kb8 18. Ne3 Ka8 19. Bh3 h5 20. Bg2 h4 21. f4 f6 22.
exf6 Rxf6 23. f5 hxg3 24. hxg3 Nxf5 25. Nxf5 Rxf5 26. Rxf5 exf5 27. Bg5 Re8 28.
Bxd5 Ne7 29. Bxe7 Rxe7 30. Qf3 Qxc2 31. Bxb7+ Kb8 32. Ba6 Qe4 33. Qxe4 fxe4 34.
Bxc4 Bg4 35. Rb1+ Kc7 36. Rb2 Kd6 37. Be2 Bxe2 38. Rxe2 Kd5 39. Rb2 e3 40. Kf1
Ke4 41. Rb4 Kd3 42. d5 g5 43. Ke1 Rh7 44. Rd4+ Kxc3 45. Rd1 Kc2 46. Rd4 Kc3 47.
Rd1 Kc2 1/2-1/2

[Event "4NCL"]
[Site "De Vere, Staverton Park, ENG"]
[Date "2011.03.26"]
[Round "7.53"]
[White "Meyer, Gordon"]
[Black "Longson, Alexander"]
[Result "0-1"]
[WhiteElo "2166"]
[BlackElo "2231"]
[PlyCount "92"]
[EventDate "2011.??.??"]
[WhiteTeam "Guildford A&DC 2"]
[BlackTeam "3Cs 1"]

1. e4 e5 2. d4 exd4 3. c3 Qe7 4. Qxd4 Nc6 5. Qe3 Nf6 6. Nd2 d5 7. Bd3 Bg4 8. h3
Bh5 9. Ne2 dxe4 10. Nxe4 Nd5 11. Qg5 Qxg5 12. Nxg5 h6 13. Nf3 Bxf3 14. gxf3
O-O-O 15. Be4 Ne5 16. f4 Ng6 17. Rg1 Nh4 18. Bh1 g6 19. Bd2 c6 20. a3 Bd6 21.
Rd1 Rhe8 22. Kf1 Nxf4 23. Rg4 Nxe2 24. Be3 Nxc3 25. bxc3 Nf5 26. Bxa7 Bb8 27.
Rxd8+ Rxd8 28. Bxb8 Rd1+ 29. Ke2 Rxh1 30. Be5 b6 31. Rb4 Kb7 32. c4 Rxh3 33. c5
b5 34. a4 Ra3 35. axb5 cxb5 36. Rxb5+ Kc6 37. Rb6+ Kxc5 38. Rb7 Kd5 39. Bb2 Ra2
40. Kf3 Nd6 41. Rb8 Ra5 42. Kg4 Rb5 43. Rxb5+ Nxb5 44. Bc1 h5+ 45. Kg5 Ke4 46.
f4 Nd4 0-1

[Event "4NCL"]
[Site "De Vere, Staverton Park, ENG"]
[Date "2011.03.26"]
[Round "7.55"]
[White "Singleton, Michael PF"]
[Black "Jaunooby, Ali Reza"]
[Result "1-0"]
[WhiteElo "2162"]
[BlackElo "2157"]
[PlyCount "153"]
[EventDate "2011.??.??"]
[WhiteTeam "Guildford A&DC 2"]
[BlackTeam "3Cs 1"]

1. d4 g6 2. c4 c5 3. d5 e5 4. e4 d6 5. Nc3 Bg7 6. g4 h5 7. g5 Ne7 8. h4 O-O 9.
Bh3 Nd7 10. Nge2 a6 11. a4 f5 12. Ng3 Nb6 13. Qb3 f4 14. Bxc8 Nbxc8 15. Nge2 f3
16. Ng3 Qd7 17. Bd2 Rb8 18. Ra3 Na7 19. a5 Rf7 20. Na4 Nac8 21. Qd1 Kh7 22. Rd3
Ng8 23. b3 Qg4 24. b4 cxb4 25. Bxb4 Bf8 26. Bd2 b5 27. axb6 Nxb6 28. Rb3 Nd7
29. Rxb8 Nxb8 30. Qb3 Qc8 31. Qd3 Nd7 32. Be3 Be7 33. Kf1 Bd8 34. Kg1 Nc5 35.
Nxc5 dxc5 36. Qf1 Rb7 37. Kh2 Rb4 38. Bd2 Ra4 39. Qd1 Ra2 40. Be3 Qg4 41. Qb1
Re2 42. Qf1 Qxh4+ 43. Qh3 Qxh3+ 44. Kxh3 Rc2 45. Rb1 Rxc4 46. Rb7+ Kh8 47. d6
Rb4 48. Ra7 Rb6 49. Rd7 Rb8 50. Kh4 Bb6 51. Bd2 c4 52. Bc3 Bd4 53. Ba5 Bxf2 54.
Rf7 Rb1 55. Kh3 Bb6 56. Bc3 Rb5 57. d7 Bd8 58. Kh4 f2 59. Nf1 Bc7 60. Ne3 Rb8
61. Nxc4 Ne7 62. Nxe5 Kg8 63. Rxf2 Rb3 64. Rf3 Ra3 65. Nf7 Nf5+ 66. exf5 Kxf7
67. fxg6+ Kxg6 68. Rf6+ Kh7 69. Rc6 Bd8 70. Kxh5 Ra4 71. Rh6+ Kg8 72. Kg6 Kf8
73. Bf6 Bxf6 74. gxf6 Rg4+ 75. Kf5 Rd4 76. Rh8+ Kf7 77. d8=Q 1-0

[Event "4NCL"]
[Site "De Vere, Staverton Park, ENG"]
[Date "2011.03.26"]
[Round "7.56"]
[White "Burton, Graham P"]
[Black "Stimpson, Philip M"]
[Result "0-1"]
[WhiteElo "2070"]
[BlackElo "2095"]
[PlyCount "50"]
[EventDate "2011.??.??"]
[WhiteTeam "3Cs 1"]
[BlackTeam "Guildford A&DC 2"]

1. e4 d5 2. exd5 Nf6 3. Bb5+ Nbd7 4. c4 a6 5. Ba4 b5 6. cxb5 Nxd5 7. Nf3 N5b6
8. Bc2 axb5 9. d4 e6 10. O-O Bb7 11. Nc3 b4 12. Ne4 Be7 13. Re1 Nf6 14. Nfg5 h6
15. Nxf6+ Bxf6 16. Rxe6+ fxe6 17. Nxe6 Qd6 18. Bf5 g5 19. Qh5+ Ke7 20. Bd2 Nc4
21. Nc5 Bxd4 22. Nxb7 Bxf2+ 23. Kh1 Qxd2 24. Qg6 Qd5 25. Rf1 Rag8 0-1

[Event "4NCL"]
[Site "De Vere, Staverton Park, ENG"]
[Date "2011.03.26"]
[Round "7.57"]
[White "Punnett, Alan K"]
[Black "Burke, Mitchell R"]
[Result "1/2-1/2"]
[WhiteElo "2063"]
[BlackElo "1893"]
[PlyCount "83"]
[EventDate "2011.??.??"]
[WhiteTeam "Guildford A&DC 2"]
[BlackTeam "3Cs 1"]

1. e4 g6 2. d4 Bg7 3. Nf3 d6 4. c4 Nf6 5. Nc3 O-O 6. Be2 Nbd7 7. O-O e5 8. Re1
Re8 9. d5 a5 10. Be3 Ng4 11. Bg5 f6 12. Bh4 Nh6 13. Qc1 Nf7 14. h3 Nf8 15. g4
Bh6 16. Qc2 Bf4 17. Bf1 Ng5 18. Bg2 Nxf3+ 19. Bxf3 g5 20. Bg3 Ng6 21. Ne2 b6
22. b3 Ne7 23. Red1 Bxg3 24. fxg3 h5 25. Kg2 hxg4 26. Bxg4 Bxg4 27. hxg4 Qd7
28. Kf3 Kg7 29. Rh1 Ng8 30. Rac1 Nh6 31. Ke3 Nxg4+ 32. Kd3 Rh8 33. Nc3 Rxh1 34.
Rxh1 Rh8 35. Rxh8 Kxh8 36. Qg2 Kg7 37. Qf3 Nh6 38. Qh5 Qc8 39. Nb5 Qd7 40. Nc3
Qc8 41. Nb5 Qd7 42. Nc3 1/2-1/2

[Event "4NCL"]
[Site "De Vere, Staverton Park, ENG"]
[Date "2011.03.26"]
[Round "7.61"]
[White "Posazhennikov, Alex"]
[Black "Varnam, Liam D"]
[Result "1-0"]
[WhiteElo "2233"]
[BlackElo "2112"]
[PlyCount "75"]
[EventDate "2011.??.??"]
[WhiteTeam "Poisoned Pawns 1"]
[BlackTeam "Sambuca Black Sheep"]

1. d4 d5 2. c4 dxc4 3. Nf3 Nf6 4. Nc3 a6 5. a4 Bg4 6. e3 Nc6 7. Bxc4 e6 8. h3
Bxf3 9. Qxf3 Be7 10. O-O O-O 11. Rd1 Qc8 12. e4 e5 13. d5 Nd4 14. Qg3 Bd6 15.
Bh6 Ne8 16. f4 Bc5 17. Kh1 Kh8 18. b4 Ba7 19. Bg5 f6 20. fxe5 fxg5 21. Rf1 Nd6
22. exd6 cxd6 23. Rxf8+ Qxf8 24. Rf1 Qe7 25. Bd3 Rc8 26. Nd1 Kg8 27. Ne3 Rc3
28. Rd1 Ne2 29. Qe1 Bxe3 30. Qxe2 Bf4 31. Qg4 Qe5 32. Qd7 h6 33. Be2 Qxe4 34.
Bg4 Qe5 35. Bf5 Re3 36. Qc8+ Kf7 37. Be6+ Ke7 38. Qd7+ 1-0

[Event "4NCL"]
[Site "De Vere, Staverton Park, ENG"]
[Date "2011.03.26"]
[Round "7.62"]
[White "Lutton, J Ezra"]
[Black "Swanson, Stephen"]
[Result "0-1"]
[WhiteElo "2109"]
[BlackElo "2269"]
[PlyCount "90"]
[EventDate "2011.??.??"]
[WhiteTeam "Sambuca Black Sheep"]
[BlackTeam "Poisoned Pawns 1"]

1. Nc3 g6 2. e4 Bg7 3. f4 c6 4. Nf3 d5 5. d3 dxe4 6. dxe4 Bxc3+ 7. bxc3 Qxd1+
8. Kxd1 Nf6 9. Bd3 Na6 10. Ba3 Nc7 11. Re1 b6 12. Ne5 c5 13. h3 Bb7 14. Rb1 Ba6
15. Bc1 O-O 16. a4 Rfd8 17. Bd2 Bb7 18. a5 b5 19. Bxb5 Nxe4 20. Bd3 Nf2+ 21.
Ke2 Nxd3 22. Nxd3 Bxg2 23. Nxc5 Bxh3 24. Rb7 Bg4+ 25. Ke3 Rac8 26. Nb3 a6 27.
Kf2 Nd5 28. Kg3 h5 29. Ra7 Rd6 30. Kh4 Kg7 31. Nd4 Rc4 32. Bc1 Rf6 33. Re4 Rxc3
34. Bb2 Rh3+ 35. Kg5 Rg3 36. Kh4 Rh3+ 37. Kg5 Bc8 38. f5 Kh7 39. Rexe7 Rg3+ 40.
Kh4 Rg4+ 41. Kh3 Nxe7 42. Rxe7 Bxf5 43. Kh2 Be4 44. Re8 Rf2+ 45. Kh3 Bg2+ 0-1

[Event "4NCL"]
[Site "De Vere, Staverton Park, ENG"]
[Date "2011.03.26"]
[Round "7.63"]
[White "Harley, Andrew D"]
[Black "Purton, Ben J"]
[Result "1/2-1/2"]
[WhiteElo "2202"]
[BlackElo "2147"]
[PlyCount "71"]
[EventDate "2011.??.??"]
[WhiteTeam "Poisoned Pawns 1"]
[BlackTeam "Sambuca Black Sheep"]

1. e4 d6 2. d4 Nf6 3. Nc3 c6 4. f4 Qa5 5. Bd3 e5 6. Nf3 Bg4 7. Be3 d5 8. Qd2
dxe4 9. Nxe4 Qxd2+ 10. Kxd2 Nxe4+ 11. Bxe4 exd4 12. Bxd4 Nd7 13. h3 Bxf3 14.
Bxf3 Bd6 15. Rhe1+ Kf8 16. g3 Bc7 17. Rad1 Ba5+ 18. c3 Bb6 19. Kc2 Bxd4 20.
cxd4 Re8 21. d5 Rxe1 22. Rxe1 cxd5 23. Bxd5 b6 24. Re3 a5 25. Bc6 Nf6 26. g4 g6
27. Rb3 Ke7 28. Rxb6 Rc8 29. Kd3 Rd8+ 30. Ke3 h5 31. g5 Nd5+ 32. Bxd5 Rxd5 33.
a4 Rd1 34. Rb5 Rh1 35. Rxa5 Rxh3+ 36. Ke4 1/2-1/2

[Event "4NCL"]
[Site "De Vere, Staverton Park, ENG"]
[Date "2011.03.26"]
[Round "7.64"]
[White "Makepeace, Philip J"]
[Black "Borman, Philip J"]
[Result "1-0"]
[WhiteElo "2095"]
[BlackElo "2216"]
[PlyCount "109"]
[EventDate "2011.??.??"]
[WhiteTeam "Sambuca Black Sheep"]
[BlackTeam "Poisoned Pawns 1"]

1. d4 Nf6 2. Nf3 g6 3. g3 Bg7 4. Bg2 O-O 5. O-O d6 6. c4 Nbd7 7. Nc3 e5 8. dxe5
Nxe5 9. Nxe5 dxe5 10. Qc2 c6 11. b3 Be6 12. Ba3 Re8 13. Rad1 Qa5 14. Bd6 Bf8
15. b4 Qa3 16. Nb1 Qa6 17. b5 cxb5 18. c5 Rac8 19. Bxf8 Rxf8 20. f4 Nd7 21. c6
Qb6+ 22. Kh1 exf4 23. gxf4 bxc6 24. f5 gxf5 25. Rxf5 Kh8 26. Rxd7 Bxf5 27. Qxf5
c5 28. Qe5+ Kg8 29. Rd6 Qa5 30. Qg5+ Kh8 31. Qf6+ Kg8 32. Rd5 Qe1+ 33. Bf1 Qxb1
34. Rg5+ Qg6 35. h4 Rfd8 36. h5 Qxg5 37. Qxg5+ Kf8 38. Qh6+ Ke7 39. Qxh7 c4 40.
Qe4+ Kd6 41. Bh3 Rc5 42. Qf4+ Ke7 43. Qe3+ Kd6 44. h6 Kc6 45. Qf3+ Rcd5 46. Bg2
Kc5 47. Qxd5+ Rxd5 48. Bxd5 Kxd5 49. h7 Kd4 50. h8=Q+ Ke3 51. Qb2 a6 52. Kg1 f5
53. Kf1 f4 54. Qc3+ Ke4 55. Kf2 1-0

[Event "4NCL"]
[Site "De Vere, Staverton Park, ENG"]
[Date "2011.03.26"]
[Round "7.65"]
[White "Byway, Paul V"]
[Black "McCullough, Simon L"]
[Result "1-0"]
[WhiteElo "2162"]
[BlackElo "2036"]
[PlyCount "101"]
[EventDate "2011.??.??"]
[WhiteTeam "Poisoned Pawns 1"]
[BlackTeam "Sambuca Black Sheep"]

1. Nf3 c5 2. c4 Nf6 3. g3 b6 4. Bg2 Bb7 5. O-O g6 6. Nc3 Bg7 7. d4 cxd4 8. Qxd4
O-O 9. Qh4 d6 10. Bh6 Nbd7 11. Rfd1 Qc8 12. Bxg7 Kxg7 13. Rac1 Qc5 14. Qd4 Rac8
15. Qxc5 Rxc5 16. b3 Rfc8 17. Ne1 Bxg2 18. Kxg2 d5 19. Nd3 Ra5 20. cxd5 Nc5 21.
Nb4 Na6 22. Nxa6 Rxa6 23. f3 Ra5 24. e4 Rac5 25. Ne2 Rc2 26. Kf2 Nd7 27. Ke3
Ne5 28. h3 R8c5 29. f4 Nd7 30. Rxc2 Rxc2 31. Rd2 Rc7 32. Nd4 Rc1 33. Nc6 Nc5
34. e5 Kf8 35. b4 Rc3+ 36. Kd4 Na4 37. Rd3 Rc2 38. Ra3 b5 39. Nxa7 Rc4+ 40. Ke3
Rxb4 41. Rb3 Nb6 42. Rxb4 Nxd5+ 43. Ke4 Nxb4 44. a3 Na6 45. Nxb5 Ke8 46. Kd5
Kd7 47. Nc3 Kc7 48. Ne4 h6 49. e6 f5 50. Nc5 Nb8 51. Nd7 1-0

[Event "4NCL"]
[Site "De Vere, Staverton Park, ENG"]
[Date "2011.03.26"]
[Round "7.66"]
[White "Harley-Yeo, Gareth"]
[Black "Rosen, Daniel B"]
[Result "0-1"]
[WhiteElo "2003"]
[BlackElo "2125"]
[PlyCount "70"]
[EventDate "2011.??.??"]
[WhiteTeam "Sambuca Black Sheep"]
[BlackTeam "Poisoned Pawns 1"]

1. d4 f5 2. Bg5 d5 3. e3 Be6 4. Bd3 g6 5. Nc3 Nd7 6. Nh3 Ngf6 7. Bf4 c6 8. Ng5
Bf7 9. h3 e6 10. O-O Be7 11. Nxf7 Kxf7 12. f3 Re8 13. Ne2 Nh5 14. Bh2 Bg5 15.
Bf4 Bxf4 16. exf4 g5 17. Qd2 gxf4 18. c4 dxc4 19. Bxc4 Nb6 20. b3 Rg8 21. Bxe6+
Kxe6 22. Nxf4+ Nxf4 23. Qxf4 Qg5 24. Qe5+ Kd7 25. Rf2 Nd5 26. f4 Qg6 27. Qe2
Rae8 28. Qd2 Qg3 29. Raf1 Qe3 30. Qc2 Re4 31. Kh2 Kc7 32. b4 Nxf4 33. Rf3 Qxd4
34. Rd1 Qe5 35. Qd2 Rxg2+ 0-1

[Event "4NCL"]
[Site "De Vere, Staverton Park, ENG"]
[Date "2011.03.26"]
[Round "7.67"]
[White "McEwan, Ken B"]
[Black "Cairns, Stephen"]
[Result "0-1"]
[WhiteElo "2139"]
[BlackElo "2054"]
[PlyCount "79"]
[EventDate "2011.??.??"]
[WhiteTeam "Poisoned Pawns 1"]
[BlackTeam "Sambuca Black Sheep"]

1. d4 d5 2. c4 c6 3. Nc3 Nf6 4. Bg5 e6 5. e3 Nbd7 6. Nf3 Qa5 7. Qb3 Ne4 8. Bf4
Bb4 9. Rc1 Nb6 10. Bc7 Qa4 11. c5 Qxb3 12. axb3 Nd7 13. Bd3 Ndf6 14. Ke2 Bxc3
15. bxc3 O-O 16. Nd2 Nxd2 17. Kxd2 Ng4 18. Rcf1 f5 19. f3 Nf6 20. h3 Kf7 21. g4
Bd7 22. e4 g6 23. exf5 exf5 24. Rh2 Rae8 25. Bd6 Rg8 26. Be5 Be6 27. Rg2 Nd7
28. Bd6 Kf6 29. Rfg1 Ra8 30. h4 Kf7 31. gxf5 gxf5 32. Rxg8 Rxg8 33. Rxg8 Kxg8
34. Ke3 Kg7 35. Kf4 Kf6 36. h5 h6 37. Be5+ Ke7 38. Bxf5 Nf6 39. Bg6 Bf7 40.
Bxf6+ {
(Presumably white lost on time here - neither scoresheet indicates anything.)}
0-1

[Event "4NCL"]
[Site "De Vere, Staverton Park, ENG"]
[Date "2011.03.26"]
[Round "7.71"]
[White "Webb, Richard M"]
[Black "Beaumont, Chris R"]
[Result "1/2-1/2"]
[WhiteElo "2268"]
[BlackElo "2308"]
[PlyCount "41"]
[EventDate "2011.??.??"]
[WhiteTeam "AMCA Dragons"]
[BlackTeam "Bristol 1"]

1. e4 c5 2. Nf3 g6 3. d4 cxd4 4. Nxd4 Nc6 5. c4 Nf6 6. Nc3 d6 7. Nc2 Bg7 8. Be2
Nd7 9. Bd2 a5 10. O-O Nc5 11. f3 O-O 12. Kh1 f5 13. exf5 Bxf5 14. Ne3 Bd7 15.
Re1 Nd4 16. Nc2 Nxe2 17. Qxe2 e6 18. Rad1 Qh4 19. Ne3 Bc6 20. Rf1 Rad8 21. Be1
1/2-1/2

[Event "4NCL"]
[Site "De Vere, Staverton Park, ENG"]
[Date "2011.03.26"]
[Round "7.72"]
[White "Rudd, Jack"]
[Black "Tavares, Shawn P"]
[Result "1-0"]
[WhiteElo "2295"]
[BlackElo "2260"]
[PlyCount "145"]
[EventDate "2011.??.??"]
[WhiteTeam "Bristol 1"]
[BlackTeam "AMCA Dragons"]

1. e4 c5 2. Nf3 Nc6 3. d4 cxd4 4. Nxd4 g6 5. Nc3 Bg7 6. Be3 Nf6 7. Be2 O-O 8.
f4 Qa5 9. Nb3 Qd8 10. g4 d6 11. h4 e5 12. f5 d5 13. exd5 Ne7 14. d6 Nc6 15. g5
Bxf5 16. gxf6 Bxf6 17. Bf2 Nd4 18. Nxd4 exd4 19. Bxd4 Qxd6 20. Nb5 Qg3+ 21. Bf2
Qg2 22. Rg1 Qh2 23. Qd5 Bxh4 24. Qg2 Qf4 25. c3 Be4 26. Qf1 Bg5 27. Rxg5 Qxg5
28. Qg1 Qxg1+ 29. Bxg1 a6 30. Nd6 Bd5 31. O-O-O Bxa2 32. Bd4 f5 33. c4 Rfd8 34.
Bf6 Rd7 35. Bf3 Kf8 36. Re1 Bxc4 37. Bxb7 Rb8 38. Bf3 Bf7 39. Nxf7 Kxf7 40. Bc3
Rc8 41. Bd1 Rb7 42. Re3 Re8 43. Rd3 Rc8 44. Rd6 Ra7 45. Bb3+ Ke7 46. Re6+ Kd7
47. Rf6 Rcc7 48. Kd2 Ke7 49. Re6+ Kd7 50. Re1 a5 51. Ba4+ Kc8 52. Re8+ Kb7 53.
Be5 Rc8 54. Re7+ Ka8 55. Re6 g5 56. Rf6 f4 57. Kd3 Re7 58. Bd4 Rd8 59. Ra6+ Kb8
60. Bc6 Re6 61. Kc4 g4 62. Kc5 Rxd4 63. Kxd4 Kc7 64. Kc5 Re5+ 65. Bd5 f3 66.
Ra7+ Kd8 67. Rf7 Ke8 68. Rf4 h5 69. Kd6 Rxd5+ 70. Kxd5 Kd7 71. Ke4 Ke6 72. Ke3
Ke5 73. Ra4 1-0

[Event "4NCL"]
[Site "De Vere, Staverton Park, ENG"]
[Date "2011.03.26"]
[Round "7.73"]
[White "Holland, James P"]
[Black "Buckley, David E"]
[Result "0-1"]
[WhiteElo "2110"]
[BlackElo "2237"]
[PlyCount "158"]
[EventDate "2011.??.??"]
[WhiteTeam "AMCA Dragons"]
[BlackTeam "Bristol 1"]

1. e4 Nf6 2. e5 Nd5 3. d4 d6 4. c4 Nb6 5. exd6 cxd6 6. Nc3 g6 7. Be3 Bg7 8. Rc1
O-O 9. b3 e5 10. dxe5 dxe5 11. Qxd8 Rxd8 12. c5 N6d7 13. Nf3 Nc6 14. Bc4 Na5
15. Be2 b6 16. b4 Nc6 17. b5 Nd4 18. c6 Nc5 19. O-O a6 20. Bc4 axb5 21. Nxb5
Be6 22. Bxe6 Ndxe6 23. Rfd1 Rdc8 24. Rd5 Rxc6 25. Nxe5 Bxe5 26. Rxe5 Rxa2 27.
h3 Ra5 28. Nd4 Rd6 29. Nxe6 Nxe6 30. Rxa5 bxa5 31. Ra1 Ra6 32. Ra4 Nd8 33. Kf1
Kf8 34. Ke2 Ke8 35. Kd3 Kd7 36. g4 Kc6 37. Rc4+ Kd7 38. Ra4 Nb7 39. Kc3 Nd6 40.
Kb3 Ke6 41. Bd2 Nb7 42. Be3 Nd6 43. Bd2 Kd5 44. f3 Nb7 45. Rf4 a4+ 46. Ka2 Nd6
47. Bb4 Ra7 48. Bxd6 Kxd6 49. Ka3 f5 50. Rb4 Ke5 51. Rc4 fxg4 52. fxg4 Rf7 53.
h4 Rf3+ 54. Ka2 Rf4 55. Rc7 h6 56. Rh7 Rxg4 57. Rxh6 Kf4 58. Ka3 Kg3 59. h5 g5
60. Rg6 Kf4 61. Rb6 Rh4 62. Rb4+ Kf5 63. Rb5+ Kf6 64. Rb6+ Kf5 65. Rb5+ Kg4 66.
Kxa4 Kxh5+ 67. Kb3 Rd4 68. Kc3 Rd8 69. Rb7 Kg4 70. Rf7 Kg3 71. Rg7 g4 72. Rg6
Kf3 73. Rf6+ Kg2 74. Rg6 g3 75. Rg7 Kf2 76. Rf7+ Kg1 77. Rg7 g2 78. Ra7 Rd5 79.
Rc7 Kh2 0-1

[Event "4NCL"]
[Site "De Vere, Staverton Park, ENG"]
[Date "2011.03.26"]
[Round "7.75"]
[White "Mossong, Hubert"]
[Black "Curtis, John E"]
[Result "1/2-1/2"]
[WhiteElo "2147"]
[BlackElo "2123"]
[PlyCount "76"]
[EventDate "2011.??.??"]
[WhiteTeam "AMCA Dragons"]
[BlackTeam "Bristol 1"]

1. e4 d6 2. d4 Nf6 3. Bd3 e5 4. Ne2 exd4 5. Nxd4 g6 6. Nc3 Bg7 7. Bg5 h6 8. Bh4
O-O 9. f3 c6 10. Qd2 Nxe4 11. Bxd8 Nxd2 12. Bc7 Bxd4 13. Kxd2 d5 14. Rae1 Na6
15. Bxa6 bxa6 16. Na4 Bf6 17. Bd6 Rd8 18. Be7 Bxe7 19. Rxe7 Be6 20. Nc5 Re8 21.
Rxe8+ Rxe8 22. Nxa6 Kf8 23. Re1 Ke7 24. b4 Kd6 25. Kc3 g5 26. Kd4 Rg8 27. Nc5
Rb8 28. c3 Bf5 29. a3 Rg8 30. Nb7+ Kd7 31. a4 g4 32. f4 g3 33. h3 Rg6 34. Nc5+
Kd6 35. Rf1 Rg8 36. Re1 Rg6 37. Nb7+ Kd7 38. Nc5+ Kd6 1/2-1/2

[Event "4NCL"]
[Site "De Vere, Staverton Park, ENG"]
[Date "2011.03.26"]
[Round "7.77"]
[White "Richardson, Keith B"]
[Black "Collier, David O"]
[Result "1/2-1/2"]
[WhiteElo "2114"]
[BlackElo "2098"]
[PlyCount "50"]
[EventDate "2011.??.??"]
[WhiteTeam "AMCA Dragons"]
[BlackTeam "Bristol 1"]

1. c4 Nf6 2. Nc3 e6 3. d4 Bb4 4. e3 O-O 5. Nge2 Re8 6. a3 Bf8 7. Ng3 d5 8. Be2
dxc4 9. Bxc4 c5 10. dxc5 Qxd1+ 11. Nxd1 Bxc5 12. O-O a6 13. Be2 Bd7 14. b4 Be7
15. Bb2 Bc6 16. Nc3 Nbd7 17. Rfd1 Nb6 18. e4 Na4 19. Nxa4 Bxa4 20. Rdc1 Bc6 21.
f3 Nd7 22. Nf1 Bg5 23. Re1 Rac8 24. Bd4 Red8 25. g3 Bf6 1/2-1/2

[Event "4NCL"]
[Site "De Vere, Staverton Park, ENG"]
[Date "2011.03.26"]
[Round "7.81"]
[White "McMichael, Richard J"]
[Black "Yeo, Michael J"]
[Result "1/2-1/2"]
[WhiteElo "2285"]
[BlackElo "2172"]
[PlyCount "146"]
[EventDate "2011.??.??"]
[WhiteTeam "Kings Head"]
[BlackTeam "Wessex 1"]

1. f4 e5 2. fxe5 d6 3. exd6 Bxd6 4. Nf3 Nf6 5. Nc3 Nc6 6. g3 h5 7. Bg2 h4 8.
gxh4 Ng4 9. Ne4 Nce5 10. Nxd6+ cxd6 11. O-O Nxf3+ 12. exf3 Qxh4 13. Qe1+ Ne5
14. Qxh4 Rxh4 15. d3 Nc6 16. Bd2 Bf5 17. Bc3 f6 18. Rae1+ Kd7 19. Rf2 Rah8 20.
f4 Rg4 21. Re3 d5 22. Rg3 Kd6 23. Bf3 Rxg3+ 24. hxg3 d4 25. Bd2 Be6 26. a3 Bd5
27. Bxd5 Kxd5 28. Re2 Rc8 29. Kf2 Rc7 30. Kf3 Ne7 31. c4+ dxc3 32. Bxc3 Nc6 33.
Ke3 f5 34. Kd2 g6 35. Rh2 Re7 36. Rh6 Re6 37. Rh7 Re7 38. Rh8 a6 39. Rg8 Re6
40. Rg7 b5 41. Bb4 Nxb4 42. axb4 Rd6 43. Re7 Kd4 44. Re8 Kd5 45. Ke3 Rd7 46.
Re5+ Kd6 47. Kd4 Kc6+ 48. Kc3 Kd6 49. Kd2 Rc7 50. b3 Rh7 51. Re8 Rh3 52. Ra8
Rxg3 53. Rxa6+ Kc7 54. Ke2 Kb7 55. Re6 Kc7 56. Kd2 Rf3 57. Rxg6 Rxf4 58. Kc3
Rf1 59. Kd4 Rb1 60. Kc5 Rxb3 61. Rg7+ Kc8 62. d4 f4 63. Rf7 f3 64. d5 Kd8 65.
Kxb5 Ke8 66. Rf4 Kd7 67. Kc4 Ra3 68. Kc5 Rc3+ 69. Kd4 Rb3 70. Kc4 Ra3 71. Kd4
Rb3 72. Ke5 Re3+ 73. Kd4 Rb3 1/2-1/2

[Event "4NCL"]
[Site "De Vere, Staverton Park, ENG"]
[Date "2011.03.26"]
[Round "7.83"]
[White "Thomas, Rik H"]
[Black "Simons, Martin J"]
[Result "0-1"]
[WhiteElo "2197"]
[BlackElo "2186"]
[PlyCount "70"]
[EventDate "2011.??.??"]
[WhiteTeam "Kings Head"]
[BlackTeam "Wessex 1"]

1. Nf3 d6 2. g3 c5 3. Bg2 e5 4. d3 Nc6 5. c4 f5 6. Nc3 Nf6 7. O-O Be7 8. Rb1
O-O 9. a3 a5 10. Ne1 Qe8 11. Nc2 Qh5 12. e3 Qxd1 13. Rxd1 a4 14. Bd2 Na5 15.
Nd5 Bd8 16. Bc3 Kh8 17. f4 Re8 18. Re1 e4 19. Bxf6 gxf6 20. Bf1 Be6 21. Rbd1 b5
22. dxe4 Nxc4 23. Bxc4 bxc4 24. Nc3 Ba5 25. Rxd6 Rab8 26. Ra6 Bxc3 27. bxc3 Rb2
28. Re2 fxe4 29. Rc6 Bh3 30. Rd2 Rb1+ 31. Kf2 Rf1+ 32. Ke2 Rb8 33. Rd1 Rxd1 34.
Kxd1 Rb1+ 35. Kd2 Bg4 0-1

[Event "4NCL"]
[Site "De Vere, Staverton Park, ENG"]
[Date "2011.03.26"]
[Round "7.84"]
[White "Rutter, Nick J"]
[Black "Mackenzie, Colin"]
[Result "1-0"]
[WhiteElo "2191"]
[BlackElo "2118"]
[PlyCount "69"]
[EventDate "2011.??.??"]
[WhiteTeam "Wessex 1"]
[BlackTeam "Kings Head"]

1. e4 e6 2. d4 d5 3. Nc3 Bb4 4. Nge2 dxe4 5. a3 Be7 6. g4 Nc6 7. Bg2 h5 8. gxh5
Nf6 9. Nxe4 Nxe4 10. Bxe4 Rxh5 11. Be3 Rh4 12. Qd3 Bd7 13. O-O-O Bf6 14. f4 Qe7
15. Ng3 O-O-O 16. d5 exd5 17. Bxd5 Bg4 18. Nf5 Bxf5 19. Qxf5+ Kb8 20. Rhe1 g6
21. Qd3 Qd7 22. Qb3 Rxh2 23. Bf3 Na5 24. Qb4 Qf5 25. Rxd8+ Bxd8 26. Be4 c5 27.
Bxc5 Qxf4+ 28. Be3 Qc7 29. Kb1 Be7 30. Qd4 Bd6 31. Qxa7+ Kc8 32. Bb6 Qb8 33.
Qxa5 f5 34. Bxf5+ gxf5 35. Qxf5# 1-0

[Event "4NCL"]
[Site "De Vere, Staverton Park, ENG"]
[Date "2011.03.26"]
[Round "7.85"]
[White "Stevenson, James AB"]
[Black "Jenks, Bruce"]
[Result "0-1"]
[WhiteElo "2097"]
[BlackElo "2123"]
[PlyCount "92"]
[EventDate "2011.??.??"]
[WhiteTeam "Kings Head"]
[BlackTeam "Wessex 1"]

1. e4 c5 2. d4 cxd4 3. c3 d3 4. c4 g6 5. Nc3 Bg7 6. Bxd3 d6 7. Nge2 Nc6 8. O-O
Nf6 9. b3 O-O 10. Bb2 a5 11. Qd2 Nd7 12. Rad1 Nc5 13. Bc2 a4 14. bxa4 Be6 15.
Bb3 Na5 16. Nd5 Nxe4 17. Qc2 Nc5 18. Bxg7 Kxg7 19. Nd4 Nc6 20. Rfe1 Nxd4 21.
Rxd4 Bf5 22. Qd2 e5 23. g4 Ne6 24. Rd3 Bxd3 25. Qxd3 Qg5 26. Ne3 Nd4 27. Rf1
Nf3+ 28. Kg2 Nh4+ 29. Kh1 f5 30. Qxd6 f4 31. Nd5 Rad8 32. Qe7+ Qxe7 33. Nxe7
Rd3 34. Nd5 g5 35. Rb1 Rd2 36. Kg1 Nf3+ 37. Kg2 e4 38. Nc3 Nh4+ 39. Kf1 e3 40.
Ne4 e2+ 41. Kg1 Nf3+ 42. Kh1 Re8 43. Nxd2 e1=Q+ 44. Rxe1 Rxe1+ 45. Nf1 Rxf1+
46. Kg2 Nd2 0-1

[Event "4NCL"]
[Site "De Vere, Staverton Park, ENG"]
[Date "2011.03.26"]
[Round "7.87"]
[White "Davey, Mark"]
[Black "de Coverly, Roger D"]
[Result "0-1"]
[WhiteElo "2002"]
[BlackElo "2068"]
[PlyCount "122"]
[EventDate "2011.??.??"]
[WhiteTeam "Kings Head"]
[BlackTeam "Wessex 1"]

1. e4 e5 2. Nf3 Nc6 3. Bc4 Be7 4. O-O Nf6 5. Re1 O-O 6. d4 d6 7. h3 exd4 8.
Nxd4 Ne5 9. Bb3 c5 10. Nf3 c4 11. Nxe5 cxb3 12. Nf3 bxa2 13. Rxa2 Be6 14. Ra1
d5 15. e5 Ne4 16. Be3 a6 17. Nbd2 Rc8 18. Nb3 Qd7 19. Nfd4 Nc5 20. Nxc5 Bxc5
21. Nxe6 fxe6 22. Bxc5 Rxc5 23. Qd2 Qc7 24. c3 Rc4 25. Re2 Rf5 26. Rae1 b5 27.
g3 a5 28. f4 a4 29. Ra1 g5 30. fxg5 Rxe5 31. Rf2 Rf5 32. Kg2 Qe5 33. Re2 Re4
34. Rae1 Rxg5 35. g4 Rxe2+ 36. Rxe2 Qf6 37. Rxe6 Rxg4+ 38. hxg4 Qxe6 39. Qg5+
Kf7 40. Qh5+ Kf8 41. g5 Qe4+ 42. Kg3 Kg7 43. Qh6+ Kg8 44. Qf6 Qe1+ 45. Kh3 Qe8
46. Kg3 Qf7 47. Qe5 Qd7 48. Kf4 Qc6 49. Qe7 Qc4+ 50. Ke5 Qe4+ 51. Kd6 Qxe7+ 52.
Kxe7 Kg7 53. Ke6 Kg6 54. Kxd5 Kxg5 55. Kc5 h5 56. Kxb5 h4 57. c4 h3 58. c5 h2
59. c6 h1=Q 60. Kb6 Qg1+ 61. Kb7 Qg2 0-1